Statystyki dla Flagi stolic europy

Kliknij tutaj aby rozwiązać quiz!

Ogólne statystyki

  • Ten quiz został rozwiązany 136 razy
    (123 od ostatniego zresetowania)
  • Średni wynik to 12 z 47

Statystyki odpowiedzi

Odpowiedź% Poprawnych
watykan
84%
Warszawa
79%
Nikozja
74%
Ankara
72%
San marino
67%
Dublin
59%
Berlin
54%
Bukareszt
53%
Londyn
51%
Monako
50%
Moskwa
41%
Ateny
37%
Kopenhaga
34%
Wilno
33%
Lizbona
32%
Kijów
24%
Oslo
24%
Praga
24%
Amsterdam
21%
rzym
20%
Bratysława
18%
Helsinki
18%
Kiszyniów
18%
Paryż
14%
Luksemburg
13%
Madryt
13%
Minsk
13%
sztokholm
13%
Berno
12%
Sofia
12%
tallinn
12%
Wiedeń
12%
Andora
11%
Lublana
11%
Prisztina
11%
Sarajewo
11%
Bruksela
8%
Ryga
8%
Skopje
8%
Belgrad
7%
Budapeszt
7%
Podgorica
7%
tirana
7%
Vaduz
7%
Valletta
7%
Rejkiawik
5%
zagrzeb
5%

Rozkład punktacji

Percentyl według liczby udzielonych odpowiedzi

Procent ludzi z każdym wynikiem

Twoja historia wyników

Nie rozwiązałeś tego quizu od ostatniego zresetowania